000 00568nam a2200217Ia 4500
003 OSt
005 20220925225919.0
006 a|||||r|||| 00| 0
007 ta
008 220923b |||||||| |||| 00| 0 eng d
037 _cGeneral Book
040 _aRTL
_cRTL
_beng
041 _2eng
_aeng
082 _aU:(D6,9(B), P2
100 _aStephen Wise
_9292997
245 0 _aGIS Basics
260 _aLondon
_bTaylor & Francis
_c2002
300 _axvi, 215p
_ccm.
942 _hU:(D6,9(B), P2
_cGB
_2CC
999 _c584387
_d584387